| 000 | 00605ntaaa2200217 4500 | ||
|---|---|---|---|
| 003 | 01 | ||
| 005 | 20251027201731.0 | ||
| 008 | 0714s1973 ag 01 | ||
| 020 | _a2825408271 | ||
| 040 |
_aAR-BaBN _bspa _cAR-BaBN _eaacr _dRIC |
||
| 082 | _a238.0000 Ap4a | ||
| 245 | _aApostolic faith today | ||
| 250 | _a1 ed. | ||
| 260 |
_aGeneva : _bWorld Council of Churches, _c1985 |
||
| 300 |
_a280 p ; _c24 cm |
||
| 500 | _aColección de documentos esenciales y credos de la iglesia | ||
| 650 |
_acredos _93178 |
||
| 650 |
_aConcilio mundial de iglesia _915879 |
||
| 700 |
_aLink, HAns-Georg _99350 |
||
| 942 | _cBK | ||
| 999 |
_c12015 _d12015 |
||